000 00321nam a22001457a 4500
020 _a0-07-0701229
082 _a531.382
100 _aTIMOSHENKO, S.P.
245 _aTHEORY OF ELASTICITY
250 _a3rd
260 _aNew Delhi,
_bTata McGraw Hilll,
_c2011.
300 _a567p. :
500 _aPaperback.
942 _cBK
999 _c32516
_d32516